| 000 | 00511nam a22001937a 4500 | ||
|---|---|---|---|
| 005 | 20221222093730.0 | ||
| 008 | 221222b ||||| |||| 00| 0 eng d | ||
| 040 | _cAL | ||
| 041 | _aEnglish | ||
| 082 |
_223 _a820.301 _bZWEK |
||
| 100 |
_aStefan Zweig _967411 |
||
| 245 | _aKaleidoscope Two | ||
| 260 |
_aLondon _bCassell and company Limited _c1951 |
||
| 300 |
_a290 p. _bPB _c17x11 cm. |
||
| 650 |
_aRomance novel _967412 |
||
| 650 |
_aFiction _967413 |
||
| 700 |
_aZWEIG (Stefan) _967414 |
||
| 942 |
_2ddc _cDB |
||
| 999 |
_c226035 _d226035 |
||